000 00291nam a2200133Ia 4500
100 _aCalahan/Donald A
942 _cBK
654 _acomputer
245 _aComputer aided network design
260 _bMcGraw Hill
_aChembur
082 _a1.6420285
_bCAL
300 _a368
546 _aENGLISH
999 _c19591
_d19591